all fallout power armor - Statistics

General Stats
  • This quiz has been taken 195 times
  • The average score is 7 of 11
Answer Stats
Picture Answer % Correct
x-01
94%
t-45
93%
t-60
93%
t-51
92%
x-02
84%
hellfire
74%
t-65
47%
excavator
35%
raider power armor
34%
captain cosmos
19%
horse power armor
15%
No matching quizzes found
Score Distribution
Percent of People with Each Score
Percentile by Number Answered
Your Score History
You have not taken this quiz